| 000 | 00648nam a2200181Ia 4500 | ||
|---|---|---|---|
| 005 | 20250508155534.0 | ||
| 008 | 008 250505s9999 xx 000 0 eng d | ||
| 037 | _aTextual | ||
| 040 |
_aFEDL _beng _cFEDL |
||
| 041 |
_aeng _2eng |
||
| 084 |
_a378.54, IND _qFEDL |
||
| 245 | 0 | _aIndian university administration: Proceedings of the Vice-Chancellors' Conference on University administration convned by the Ministry of Education and Scientific Research from July 30 to Aug 1, 1957 | |
| 245 | 0 | _cIndia,. Education (Ministry of...) | |
| 260 | _c1958 | ||
| 300 | _a149p. | ||
| 942 |
_cTEXL _h378.54, IND |
||
| 999 |
_c1357555 _d1357555 |
||